000 01394cam a2200133 4500500
005 20251214005217.0
041 _afre
042 _adc
100 1 0 _aFleury, Laurent
_eauthor
245 0 0 _aSociologie de la culture et des pratiques culturelles
260 _bArmand Colin,
_c2016.
520 _aLa sociologie de la culture est un des grands domaines de la discipline. Au cours des dernières années, plusieurs questions ont structuré les recherches : celles de la hiérarchie sociale des pratiques culturelles et de la distinction, de la démocratisation de la culture et des politiques publiques, de la diversité des pratiques et des publics. Cet ouvrage, traduit aux États-Unis, réactualisé dans cette 3e édition, présente une synthèse des résultats et des débats.La sociologie de la culture s’est également réorientée pour répondre à de nouveaux questionnements, liés aux mutations entre générations médiatiques et générations numériques, à la mise en concurrence entre culture légitime et culture de masse, à une meilleure compréhension de la réception des oeuvres et de l’expérience esthétique. Cette sociologie cherche à comprendre la place et le sens de la culture dans les sociétés contemporaines.
856 4 1 _uhttps://shs.cairn.info/sociologie-de-la-culture-et-des-pratiques-culturel--9782200613945?lang=fr&redirect-ssocas=7080
999 _c1568716
_d1568716